Loading...
Mahacharithamaala - Pattamthanupillai, T.M.Varghese, C.Kesavan
| Main Author: | |
|---|---|
| Format: | Printed Book |
| Language: | Malayalam |
| Published: |
Kairali childrens book trust, Kottayam
Kairali childrens book trust, Kottayam
1981
|
| LEADER | 00515nam a2200121Ia 4500 | ||
|---|---|---|---|
| 008 | 111205s9999 xx 000 0 mal d | ||
| 100 | |a Menon. G.K. | ||
| 245 | |a Mahacharithamaala - Pattamthanupillai, T.M.Varghese, C.Kesavan |c Menon. G.K. | ||
| 260 | |b Kairali childrens book trust, Kottayam |a Kairali childrens book trust, Kottayam |c 1981 | ||
| 300 | |a 99 | ||
| 942 | |c BK | ||
| 999 | |c 209995 |d 209995 | ||
| 952 | |0 0 |1 0 |2 ddc |4 0 |6 SHELF_R12 |7 0 |9 232269 |a MAL |b MAL |c REF |d 2011-12-05 |g 5.00 |h 6 |l 0 |o Shelf R12 |p MAL17100 |r 2015-04-13 |v 5.00 |w 2015-04-13 |y REF | ||